Blue Economy Development in Latin America

Novým impulzom pre modrú ekonomiku sú chov rýb a šetrné hospodárenie s vodou. V Latinskej Amerike existujú rôzne faktory ovplyvňujúce rybné hospodárstvo a akvakultúru. Sú to najmä nadmerné rybolovy, zmeny teploty mora a zvyšovanie hladiny morí v rôznych krajinách regiónu.

Na minha lista:
Detalhes bibliográficos
Autor principal: Dziura, Boris, 1976-
Outros Autores: Přívara, Andrej, 1983-
Formato: Capítulo de Livro
Idioma:inglês
Assuntos:
Tags: Adicionar Tag
Sem tags, seja o primeiro a adicionar uma tag!

MARC

LEADER 00000nla a2200000 4500
001 0241215
005 20240502073926.9
041 0 |a eng 
044 |a SK 
245 1 0 |a Blue Economy Development in Latin America  |c Boris Dziura, Andrej Přívara 
520 |a Novým impulzom pre modrú ekonomiku sú chov rýb a šetrné hospodárenie s vodou. V Latinskej Amerike existujú rôzne faktory ovplyvňujúce rybné hospodárstvo a akvakultúru. Sú to najmä nadmerné rybolovy, zmeny teploty mora a zvyšovanie hladiny morí v rôznych krajinách regiónu. 
610 2 0 |a ekonomika modrá 
610 2 0 |a voda 
610 2 0 |a rybolov 
610 2 0 |a hospodárnosť 
610 2 0 |a rozvoj trvalo udržateľný 
610 2 0 |a prostredie životné 
610 2 0 |a zmeny klimatické 
610 2 0 |a Latinská Amerika 
100 1 |a Dziura, Boris, 1976- 
700 1 |a Přívara, Andrej, 1983-